000 00817nam a2200205 a 4500
008 120416s1996 ||||||||||||||||| || u
020 _a0415132479
050 _aGE 70 Ess
100 _aHalliwell, Lyndsay, 1964-
245 1 0 _aEssential environmental science : methods & techniques
_cedited by Simon Watts
260 _aLondon
_bRoutledge
_c1996
300 _axxxii, 512 p. : ill., maps
350 _a0.00
500 _aIncludes bibliographical references and index.
650 _aENVIRONMENTAL SCIENCES--EXPERIMENTS--TECHNIQUES
650 _aENVIRONMENT
650 _aENVIROMENTAL SCIENCES--EXPERIEMENTS--METHODOLOGY
700 _aWatts, Simon, 1958-
995 _D0.00
_FCBU-MAIN LIBRARY (Kitwe)
_H1
_I31.00
_M1
_UAVAILABLE
_ZMain Library Open Access Collection
999 _c42383
_d42383